=LDR 00000nam 2200000 4500 =001 INLIS000000000037434 =005 20140318123049.0 =006 =007 =008 Ind =035 ##$$a 0010-061300000037434 =041 ##$$a Ind =082 ##$$a 741.3 =090 ##$$a 741.3, Dai u =100 ##$$a Daisho =245 ##$$a Usagi Yojimbo, Daisho; Alih bahasa, Rosi L. Simamora; Editor, Tanti Lesmana =260 ##$$a 2008 $b Jakarta =300 ##$$a 199 hlm, Ilus, 23 cm =650 ##$$a Komik Bacaan =700 ##$$a Simamora, Rosi L =850 ##$$a NBPNMAT =990 ##$$a 21196198/BPAP-NTB/2014 =990 ##$$a 21104797 =990 ##$$a 21104797 =990 ##$$a 90377/BPAP-NTB/2014